000 00865nam2a22002531 4500
001 rc\4398660
005 20130416150745.0
035 _a(NLR Aleph) 008297448
090 _a8614590
_c8614590
100 _a20130416d1957 |||y0rusy50 ca
101 0 _arus
102 _aRU
105 _aab z |||||
200 1 _aГолосеменные, покрытосеменные семейства ивовые - маревые
210 _d1957
215 _a208 с., 1 л. карт.
_cил.
320 _aБиблиогр.: с. 9-10
461 0 _1001rc\4398659
_12001#$aДеревья и кустарники Молдавии$eВып. 1-$fАН СССР. Ботан. сад Молдав. филиала$vВып. 1
700 1 _aАндреев
_bВ. Н.
801 0 _aRU
_bNLR
_gpsbo
801 1 _aRU
_bELAR
_2rusmarc
852 _aNLR
_j57-7/2330
942 _cBOOK
980 _aNB